Přestavba hospodářského mechanismu v zemědělsko-potravinářském komplexu
Salvato in:
| Autore principale: | |
|---|---|
| Altri autori: | |
| Natura: | Libro |
| Lingua: | ceco |
| Pubblicazione: |
Praha
VŠE - Fakulta výrobně ekonomická
1989
|
| Edizione: | 1. vyd. |
| Tags: |
Nessun Tag, puoi essere il primo ad aggiungerne!!
|
MARC
| LEADER | 00000nam a2200000 4500 | ||
|---|---|---|---|
| 001 | c033757 | ||
| 005 | 20221215120524.8 | ||
| 041 | 0 | |a cze | |
| 044 | |a CZ | ||
| 245 | 1 | 0 | |a Přestavba hospodářského mechanismu v zemědělsko-potravinářském komplexu |c Josef Brčák, Jan Zavíral |
| 250 | |a 1. vyd. | ||
| 264 | 1 | |a Praha |b VŠE - Fakulta výrobně ekonomická |c 1989 | |
| 300 | |a 50 s. | ||
| 100 | 1 | |a Brčák, Josef | |
| 700 | 1 | |a Zavíral, Jan | |